01247nam a22001577a 4500999001900000008004100019100005000060245007200110260002800182300003400210520069000244773002800934906001100962942000700973952010900980 c526160d526160240514b ||||| |||| 00| 0 eng d aThakur, D., Dubey, N.P. and Singh, R. 952340 aDrug-facilitated sexual assault (DFSA): An emerging crime in India  aIndian Police Journal  a69(4), Oct-Dec, 2024: p.51-58 a DFSA is the major crime among DFC or crimes against women in India. For several reasons described in this review, this offense has been overshadowed. Despite this, forensic science laboratories and social media report many instances. This article is structured to develop essential awareness of the crime and its pattern by identifying the ignorance concerning this risky scenario. The comprehensive strategy to removing the threat has received particular attention. Dissemination of the shortfalls and viable solutions in the scientific community can aid in eradicating the menace through collaborative efforts. Reproduced https://bprd.nic.in/uploads/pdf/October-December_2022.pdf  aIndian Police Journal  aCRIMES cAR 00102ddc40709401232aIIPAbIIPAd2024-05-14h69(4), Oct-Dec, 2024: p.51-58pAR131907r2024-05-14yAR